| 000 | 00928cam a2200253 4500 | ||
|---|---|---|---|
| 001 | WB3619-31 | ||
| 008 | 000000n2000 000 0 eng u | ||
| 035 | _a(Sirsi) u105984 | ||
| 245 | _aDETR targets urban capacity | ||
| 260 | _c2000 | ||
| 490 |
_aBuilding Homes _v May 2000, 7(1) |
||
| 520 | _aThe DETR is to upgrade the final supplement to its new PPG3 guidance, Urban Capacity Assessment, from research paper to Best Practice Guide. This will include specific guidance on how local authorities can pursue the government's aim that 60% of new housing be built on reused sites. | ||
| 590 | _aWB | ||
| 650 | _aDETR | ||
| 650 | _aPPG3 | ||
| 650 | _aPLANNING AUTHORITIES | ||
| 650 | _aURBAN CAPACITY ASSESSMENT | ||
| 650 | _aURBED | ||
| 650 | _aURBAN REDEVELOPMENT | ||
| 650 | _aHOUSING DEVELOPMENT | ||
| 650 | _aDENSITY | ||
| 690 | _aENVIRONMENTAL AND LAND CONSULTANCY-PLANNING AND DEVELOPMENT | ||
| 942 | _n0 | ||
| 999 |
_c63466 _d63466 |
||